Megadeth All Songs - Statistics

General Stats
  • This quiz has been taken 106 times
  • The average score is 53 of 195
Answer Stats
Release Song % Correct
Peace Sells
96%
Rust in Peace Holy Wars… the Punishment Due
85%
Tornado of Souls
85%
Sweating Bullets
83%
Symphony of Destruction
83%
Hangar 18
81%
Mechanix
81%
Killing is My Business… and Business is Good!
79%
Countdown to Extinction
77%
Rust in Peace… Polaris
73%
A Tout le Monde
71%
Lucretia
71%
In My Darkest Hour
67%
Dystopia
65%
Cryptic Writings Trust
65%
Youthanasia
65%
Five Magics
63%
Peace Sells… But Who’s Buying? Wake Up Dead
63%
Take No Prisoners
62%
Dawn Patrol
58%
The Conjuring
58%
Killing is My Business… and Business is Good! Last Rites/Loved to Death
56%
Angry Again
54%
Endgame
54%
Poison was the Cure
54%
Rattlehead
54%
Ride the Lightning
54%
She-Wolf
54%
The Sick, the Dying… and the Dead! The Sick, the Dying… and the Dead!
54%
Megadeth Tipping Point
54%
Good Mourning/Black Friday
52%
Countdown to Extinction Skin o’ My Teeth
52%
Super Collider
52%
13
50%
I Don’t Care
50%
Anarchy in the U.K.
48%
Mary Jane
48%
Let There Be Shred
46%
Train of Consequences
46%
Devils Island
44%
Liar
44%
Paranoid
42%
United Abominations
42%
Washington is Next!
42%
Bad Omen
40%
So Far. So Good… So What! Into the Lungs of Hell
40%
Set the World Afire
40%
Ashes in Your Mouth
38%
High Speed Dirt
38%
I Ain’t Superstitious
38%
These Boots
38%
502
37%
Architecture of Aggression
37%
My Last Words
37%
The Last Note
37%
The World Needs a Hero
37%
Addicted to Chaos
35%
Foreclosure of a Dream
35%
Hey, God?!
33%
Hook in Mouth
33%
Night Stalkers
33%
Psychotron
33%
Puppet Parade
33%
Return to Hangar
33%
Dystopia The Threat is Real
33%
This Was My Life
31%
We’ll Be Back
31%
Back in the Day
29%
Dogs of Chernobyl
29%
Dread and the Fugitive Mind
29%
Youthanasia Reckoning Day
29%
The Scorpion
29%
Crush ‘Em
27%
Family Tree
27%
Looking Down the Cross
27%
Post American World
27%
The Skull Beneath the Skin
27%
The System Has Failed Blackmail the Universe
25%
Gears of War
25%
The Killing Road
25%
Another Bad Day
23%
Blood of Heroes
23%
Burn!
23%
Burnt Ice
23%
Captive Honour
23%
Elysian Fields
23%
Victory
23%
À Tout le Monde (Set Me Free)
21%
I Am War
21%
Kick the Chair
21%
Hidden Treasures No More Mr. Nice Guy
21%
Obey the Call
21%
Poisonous Shadows
21%
Public Enemy No. 1
21%
Tears in a Vial
21%
1,320
19%
99 Ways to Die
19%
Amerikhastan
19%
Chosen Ones
19%
Conquer or Die!
19%
Head Crusher
19%
I Know Jack
19%
United Abominations Sleepwalker
19%
The Emperor
19%
When
19%
44 Minutes
17%
Bullet to the Brain
17%
Fatal Illusion
17%
FFF
17%
Foreign Policy
17%
Go to Hell
17%
Risk Insomnia
17%
Super Collider Kingmaker
17%
Prince of Darkness
17%
Promises
17%
The Disintegrators
17%
Almost Honest
15%
Black Curtains
15%
Black Swan
15%
Breadline
15%
Célebutante
15%
Diadems
15%
Life in Hell
15%
Made to Kill
15%
Moto Psycho
15%
Never Walk Alone… A Call to Arms
15%
Time: The Beginning
15%
Time: The End
15%
Vortex
15%
1000 Times Goodbye
13%
Breakpoint
13%
Endgame Dialectic Chaos
13%
Die Dead Enough
13%
The World Needs a Hero Disconnect
13%
Mission to Mars
13%
Problems
13%
Use the Man
13%
Cold Sweat
12%
Non-Album Singles Crown of Worms
12%
Deadly Nightshade
12%
Enter the Arena
12%
Junkie
12%
Killing Time
12%
Mastermind
12%
Of Mice and Men
12%
Play for Blood
12%
Psychopathy
12%
Shadow of Deth
12%
Soldier On!
12%
Th1rt3en Sudden Death
12%
The Doctor is Calling
12%
The Hardest Part of Letting Go… Sealed with a Kiss
12%
Wanderlust
12%
A Secret Place
10%
Built for War
10%
Death from Within
10%
Guns, Drugs, & Money
10%
I’ll Get Even
10%
Millennium of the Blind
10%
My Kingdom
10%
New World Order
10%
Sacrifice
10%
Something That I’m Not
10%
The Blackest Crow
10%
This Day We Fight!
10%
Whose Life (is it Anyways?)
10%
Bodies
8%
Burning Bridges
8%
Dance in the Rain
8%
Ecstasy
8%
Have Cool, Will Travel
8%
How the Story Ends
8%
Lying in State
8%
Silent Scorn
8%
Sin
8%
Truth Be Told
8%
Bite the Hand
6%
Blessed Are the Dead
6%
Recipe for Hate… Warhorse
6%
The Right to Go Insane
6%
We the People
6%
Wrecker
6%
Beginning of Sorrow
4%
Fast Lane
4%
Forget to Remember
4%
I Though I Knew it All
4%
Losing My Senses
4%
Off the Edge
4%
You’re Dead
4%
Delivering the Goods
2%
Don’t Turn Your Back…
2%
I’ll Be There
2%
Never Dead
2%
Seven
2%
One Thing
0%
No matching quizzes found
Score Distribution
Percent of People with Each Score
Percentile by Number Answered
Your Score History
You have not taken this quiz